Clubs de football commençant par H - Statistiques

Statistiques générales
  • Ce quiz a été pris 364 fois
  • Le résultat moyen est 7 sur 13
Statistiques - réponses
Par images Réponse % Correct
Hambourg SV
96%
Hoffenheim
90%
Hellas Verone
80%
Hull City
80%
Hertha Berlin
75%
Hanovre 96
74%
HJK Helsinki
44%
Huesca
44%
Heidenheim
33%
Hajduk Split
31%
Hebei FC
15%
Houston Dynamo
13%
Hatayspor
9%
Aucun quiz correspondant
Distribution des résultats
% des personnes avec chaque résultat
Percentile par nombre de réponses
Votre historique - résultats
Vous n’avez pas pris ce quiz